C and data structures (Record no. 169687)

MARC details
000 -LEADER
fixed length control field 00345nam a2200145Ia 4500
008 - FIXED-LENGTH DATA ELEMENTS--GENERAL INFORMATION
fixed length control field 231217s9999 xx 000 0 und d
041 ## - LANGUAGE CODE
Language code of text/sound track or separate title English
082 ## - DEWEY DECIMAL CLASSIFICATION NUMBER
Classification number 001.6424C GAN
100 ## - MAIN ENTRY--PERSONAL NAME
Personal name Ganesan, Radha P
245 #0 - TITLE STATEMENT
Title C and data structures
260 ## - PUBLICATION, DISTRIBUTION, ETC.
Date of publication, distribution, etc. 2000
Name of publisher, distributor, etc. Scitech Publ.
300 ## - PHYSICAL DESCRIPTION
Extent 440
650 ## - SUBJECT ADDED ENTRY--TOPICAL TERM
Topical term or geographic name entry element C,data,structures
942 ## - ADDED ENTRY ELEMENTS (KOHA)
Koha item type Books
Holdings
Date last seen Total checkouts Full call number Accession number Price effective from Category Lost status Damaged status Department Withdrawn status Home library Current library Shelving location Entry date Vendor Grants Billdate Currency symbol Conversion rate Discount Old discount
26/01/2024   001.6424C GAN 23555 26/01/2024 Books     MCA   Central Library Central Library MCA 25/11/2003 Publisher MCA 11/04/2005 RS 1    
26/01/2024   001.6424C GAN 23556 26/01/2024 Books     MCA   Central Library Central Library MCA 25/11/2003 Publisher MCA 11/04/2005 RS 1    

© For any Suggestions or Query, please contact the library staff @ librarian@pes.edu or Phone: +9180 2672 1983/ 2108.